000 00705nam a2200181Ia 4500
008 090123s9999 xx 000 0 und d
082 _b3677
_a891.463/देशपां
100 _aदेशपांडे पुरूषोत्तम लक्ष्मण
245 _aकाय वाटेल ते होईल
250 _a2
260 _c1974
300 _a183
600 _aदेशपांडे पुरूषोत्तम लक्ष्मण
630 _aकाय वाटेल ते होईल
700 _aदेशपांडे पुरूषोत्तम लक्ष्मण
730 _aकाय वाटेल ते होईल
942 _cBOOK
999 _c41756
_d41756